Liedtext - Über den Wolken - Reinhard Mey - Statistiken

Allgemein
  • Dieses Quiz wurde 526 mal gespielt
  • Das Durchschnittsergebnis liegt bei 146 aus 207
Antwortstatistiken
Antwort % Korrekt
die
99%
Die
99%
den
98%
Über
98%
Wolken
98%
Freiheit
97%
grenzenlos
97%
sein
97%
Muss
96%
wohl
95%
Sorgen
91%
Und
91%
und
91%
Alle
90%
alle
90%
man
87%
Ängste
85%
dann
85%
Dann
85%
Sagt
85%
verborgen
83%
ich
82%
Ich
82%
klein
81%
darunter
79%
nichtig
79%
was
78%
wichtig
77%
der
76%
Der
76%
Plötzlich
76%
erscheint
75%
groß
73%
sie
72%
uns
72%
Motoren
71%
ein
69%
es
69%
Blieben
68%
hör
68%
Wie
68%
wie
68%
in
67%
In
67%
Regen
67%
Startbahn
65%
Meine
64%
meine
64%
null
63%
Bis
62%
drei
62%
hier
62%
Ost
62%
Nord
61%
Das
59%
ist
59%
Sonne
59%
vorbei
59%
wär
59%
Wind
59%
meinen
58%
entgegen
57%
Asphalt
56%
Ohren
56%
alles
55%
dröhnt
54%
ihr
54%
nasse
54%
bebt
53%
abhebt
52%
nach
52%
seh
52%
Würde
52%
noch
51%
Regenbogen
51%
schwebt
51%
zieht
51%
Benzin
49%
Pfeil
49%
gern
48%
im
48%
Schleier
48%
lange
47%
Pfützen
47%
mitgeflogen
46%
schon
46%
geh
45%
Jacke
45%
Kaffee
45%
schwimmt
45%
haben
44%
Luftaufsichtsbaracke
44%
verloren
44%
Augen
43%
kocht
43%
Irgendjemand
42%
staubt
42%
sich
41%
durchdringt
40%
Punkt
40%
darin
38%
von
38%
Jenen
37%
spiegeln
37%
still
37%
Summen
37%
erklimmen
36%
Ganz
36%
Nur
36%
fern
35%
Regengrau
34%
verschwimmen
34%
winz'gen
34%
Schillernd
33%
Lichter
32%
monoton
32%
klingt
31%
dunklen
10%
Keine übereinstimmenden Quizze gefunden
Verteilung der Resultate
Anzahl Personen mit jedem Resultat
Perzentil nach korrekt beantworteten Fragen
Ihre Resultats-Entwicklung
Sie haben dieses Quiz noch nicht gespielt